NBA single game point records - Statistics

General Stats
  • This quiz has been taken 57 times
    18 since last reset
  • The average score is 18 of 20
Answer Stats
Rank Year # of points Team Answer % Correct
3. 2006 81 Los Angeles Lakers Kobe Bryant
100%
5. 2024 73 Dallas Mavericks Luka Doncic
100%
17. 1990 69 Chicago Bulls Michael Jordan
100%
1. 1962 100 Philadelphia Warriors Wilt Chamberlain
100%
4. 1961 78 Philadelphia Warriors Wilt Chamberlain
100%
5. 1962 73 San Francisco Warriors Wilt Chamberlain
100%
5. 1962 73 Philadelphia Warriors Wilt Chamberlain
100%
9. 1962 72 San Francisco Warriors Wilt Chamberlain
100%
14. 1963 70 San Francisco Warriors Wilt Chamberlain
100%
18. 1967 68 Philadelphia 76ers Wilt Chamberlain
100%
20 1963 67 San Francisco Warriors Wilt Chamberlain
100%
2. 2026 83 Miami Heat Bam Adebayo
93%
10. 2023 71 Portland Trail Blazers Damian Lillard
93%
14. 2017 70 Phoenix Suns Devin Booker
93%
10. 2023 71 Cleveland Cavaliers Donovan Mitchell
93%
14. 2024 70 Philadelphia 76ers Joel Embiid
93%
10. 1994 71 San Antonio Spurs David Robinson
87%
10. 1960 71 Los Angeles Lakers Elgin Baylor
73%
5. 1978 73 Denver Nuggets David Thompson
60%
18. 1977 68 New Orleans Jazz Pete Maravich
27%
No matching quizzes found
Score Distribution
Percent of People with Each Score
Percentile by Number Answered
Your Score History
You have not taken this quiz since the last reset